000 00369nam a2200145Ia 4500
008 230917s9999||||xx |||||||||||||| ||und||
040 _e218625
_aMAIN
041 _aEnglish
082 _a784.4 W149V
100 _aWalia, Deepika
245 0 _aVastrabhooshan aur haryani lokgeet
260 _aChandigarh
_bUnistar Books
_c2008
300 _axxii, 172 p.
942 _cBK
999 _c179643
_d179643